Οινολογία : από το σταφύλι στο κρασί
Αποθηκεύτηκε σε:
| Κύριος συγγραφέας: | |
|---|---|
| Μορφή: | Βιβλίο |
| Γλώσσα: | Greek |
| Δημοσίευση: |
Αθήνα :
Τρόφιμα και ποτά,
1988
|
| Θέματα: | |
| Ετικέτες: |
Προσθήκη ετικέτας
Δεν υπάρχουν, Καταχωρήστε ετικέτα πρώτοι!
|
MARC
| LEADER | 00000nam a2200000 i 4500 | ||
|---|---|---|---|
| 001 | 1/99849 | ||
| 008 | 950405s1988 gre d | ||
| 035 | |l 10011467 | ||
| 040 | |a GR-MY-UA |b gre |e aacr | ||
| 041 | 0 | |a gre | |
| 082 | 0 | |a 663.2 | |
| 100 | 1 | |a Τσακίρης, Αργύρης Ν. |d 1954- | |
| 245 | 1 | 0 | |a Οινολογία : |b από το σταφύλι στο κρασί / |c Αργύρης Τσακίρης |
| 260 | |a Αθήνα : |b Τρόφιμα και ποτά, |c 1988 | ||
| 300 | |a 236 σ. |b σχ. | ||
| 504 | |a Περιέχει βιβλιογραφία και ευρετήριο. | ||
| 650 | 0 | 0 | |a Wine and wine making. |
| 650 | 0 | 0 | |a Wine and wine making |x Microbiology. |
| 650 | 0 | 0 | |a Wine tasting. |
| 650 | 0 | 0 | |a Wine and wine making |x Filtration. |
| 852 | |a INST |b LESVOS |e 19950405 |h 663.2 ΤΣΑ |p 005100001808 |q 005100001808 |t BK |y 0 | ||
| 909 | |a Λ |b 024045 | ||